Statistics for Imagine Dragons Songs

Click here to take the quiz!

General Stats

  • This quiz has been taken 21 times
  • The average score is 47 of 70

Answer Stats

Track Song % Correct
1Radioactive
100%
4Believer
94%
1Natural
94%
9Bleeding Out
94%
6Amsterdam
94%
3Whatever It Takes
94%
4Demons
94%
3Machine
88%
5Bad Liar
88%
5Walking The Wire
88%
3It's Time
88%
20Monster
82%
2Boomerang
82%
1Shots
82%
10Thunder
82%
8Yesterday
82%
3Smoke and Mirrors
76%
8Bullet In A Gun
76%
18Warriors
76%
5On Top Of The World
76%
2Gold
76%
12Love
76%
13Birds
76%
7Zero
71%
9Dream
71%
15Real Life
71%
6Polaroid
71%
2Tiptoe
71%
5I Bet My Life
71%
10Only
71%
4I'm So Sorry
71%
9Digital
65%
6Rise Up
65%
4Cool Out
65%
12Dancing In The Dark
65%
7Friction
65%
18America
65%
17Round and Round
65%
11Nothing Left to Say / Rocks
65%
7Hear Me
65%
8It Comes Back To You
65%
19Selene
65%
11Summer
65%
12Cha-Ching (Till We Grow Older)
59%
12Hopeless Opus
59%
10Underdog
59%
17Release
59%
8Every Night
59%
9Mouth Of The River
59%
14Burn Out
59%
11Stuck
59%
6West Coast
59%
13The Fall
59%
10Trouble
59%
1Next To Me
59%
13Working Man
59%
14Thief
53%
11Start Over
53%
21Cover Up
53%
16Second Chances
53%
19Battle Cry
53%
21Who We Are
53%
2I Don't Know Why
53%
16The River
47%
7I'll Make It Up To You
47%
15My Fault
47%
14Fallen
35%
15The Unkown
29%
20I Don't Mind
29%
16Born To Be Yours
24%

Score Distribution

Percentile by Number Answered

Percent of People with Each Score

Your Score History

You have not taken this quiz